Word Ladder: Documents Quiz Stats

 Plays Quiz Updated Sep 12, 2014

Challenge
Share
Tweet
Embed
Score 0/24 Timer 03:00
2 Plays Today
Hint 4-Letter Word % Correct
✒Transmit ✒ SEND
97%
Hourglass fillerSAND
96.8%
Elton John song: I've ____ That Movie TooSEEN
96.8%
IdenticalSAME
96.7%
What you plantSEED
96.7%
ApplaudCLAP
96.4%
Actor PennSEAN
96.1%
Close a door loudlySLAM
95.8%
Of sound mindSANE
95.6%
Move wingsFLAP
94.9%
ResidenceHOME
94.9%
✒Duplicate ✒ COPY
94.8%
Hint 4-Letter Word % Correct
Apartment in UKFLAT
94.6%
MolluskCLAM
94%
Part ofSOME
91.4%
To contend with difficultiesCOPE
90.9%
DesireHOPE
89.1%
AccomplishmentFEAT
88%
Surface of pool tableFELT
86.8%
Cut downFELL
75%
SwindleSCAM
72.5%
✒Prepare for e-mailing✒ SCAN
71.2%
Pour intoFILL
68.9%
✒Put away ✒ FILE
63.6%

Today's Daily Dose

You're not logged in!

Compare scores with friends on all Sporcle quizzes.
OR
Log In

You Might Also Like...

Show Comments

Extras

Top Quizzes Today


Score Distribution

Your Account Isn't Verified!

In order to create a playlist on Sporcle, you need to verify the email address you used during registration. Go to your Sporcle Settings to finish the process.

Report this User

Report this user for behavior that violates our Community Guidelines.

Details: